Les 100 plus gros Transferts de Premier League (Départs) - Statistiques

Statistiques générales
  • Ce quiz a été pris 4 941 fois
    470 depuis la dernière actualisation
  • Le résultat moyen est 59 sur 100
Statistiques - réponses
Rang Saison
Club de Départ
Club d'Arrivée Montant Réponse % Correct
1 25/26 Newcastle United FC Liverpool 145 000 000 € Alexander Isak
98%
2 17/18 FC Liverpool FC Barcelone 135 000 000 € Philippe Coutinho
98%
4 21/22 Aston Villa Manchester City 117 500 000 € Jack Grealish
97%
9 09/10 Manchester United Real Madrid 94 000 000 € Cristiano Ronaldo
96%
3 19/20 Chelsea FC Real Madrid 120 800 000 € Eden Hazard
95%
7 13/14 Tottenham Hotspur Real Madrid 101 000 000 € Gareth Bale
95%
8 23/24 Tottenham Hotspur Bayern Munich 95 000 000 € Harry Kane
95%
5 23/24 West Ham United Arsenal FC 116 600 000 € Declan Rice
93%
10 19/20 Leicester City Manchester United 87 000 000 € Harry Maguire
89%
12 17/18 FC Southampton FC Liverpool 84 650 000 € Virgil van Dijk
89%
13 14/15 FC Liverpool FC Barcelone 81 720 000 € Luis Suarez
88%
6 23/24 Brighton Chelsea FC 116 000 000 € Moisés Caicedo
88%
16 24/25 Manchester City Atlético Madrid 75 000 000 € Julian Alvarez
86%
21 25/26 FC Liverpool Bayern Munich 70 000 000 € Luis Diaz
86%
17 25/26 Brentford Manchester United 75 000 000 € Bryan Mbeumo
85%
23 18/19 Leicester City Manchester City 67 800 000 € Riyad Mahrez
85%
11 17/18 FC Everton Manchester United 84 700 000 € Romelu Lukaku
84%
20 19/20 Manchester United Inter Milan 74 000 000 € Romelu Lukaku
84%
99 14/15 Chelsea FC FC Everton 35 360 000 € Romelu Lukaku
84%
22 25/26 Crystal Palace Arsenal FC 69 300 000 € Eberechi Eze
83%
19 25/26 Wolverhampton Manchester United 74 200 000 € Matheus Cunha
82%
29 15/16 FC Liverpool Manchester City 63 700 000 € Raheem Sterling
80%
45 22/23 Manchester City Chelsea FC 56 200 000 € Raheem Sterling
80%
32 25/26 AFC Bournemouth Real Madrid 62 500 000 € Dean Huijsen
79%
18 23/24 Chelsea FC Arsenal FC 75 000 000 € Kai Havertz
78%
31 15/16 Manchester United Paris SG 63 000 000 € Angel Di Maria
75%
30 25/26 AFC Bournemouth Paris SG 63 000 000 € Ilya Zabarnyi
75%
15 24/25 Aston Villa Al-Nassr 77 000 000 € Jhon Duran
74%
24 23/24 Chelsea FC Manchester United 67 700 000 € Mason Mount
73%
96 16/17 Leicester City Chelsea FC 35 800 000 € N'Golo Kanté
73%
14 22/23 Leicester City Chelsea FC 80 400 000 € Wesley Fofana
73%
52 24/25 Crystal Palace Bayern Munich 53 000 000 € Michael Olise
71%
37 16/17 Chelsea FC Shanghai SIPG 60 000 000 € Oscar
71%
25 22/23 Brighton Chelsea FC 65 300 000 € Marc Cucurella
69%
26 24/25 AFC Bournemouth Tottenham Hotspur 64 300 000 € Dominic Solanke
68%
38 24/25 Aston Villa Al-Ittihad 60 000 000 € Moussa Diaby
68%
60 14/15 Chelsea FC Paris SG 49 500 000 € David Luiz
67%
50 21/22 Manchester City FC Barcelone 55 000 000 € Ferran Torres
67%
43 22/23 Leeds United FC Barcelone 58 000 000 € Raphinha
67%
41 10/11 FC Liverpool Chelsea FC 58 500 000 € Fernando Torres
66%
27 25/26 West Ham United Tottenham Hotspur 63 800 000 € Mohammed Kudus
65%
46 25/26 Chelsea FC Arsenal FC 56 000 000 € Noni Madueke
64%
34 25/26 Nottingham Forest Newcastle United 61 400 000 € Anthony Elanga
63%
53 25/26 FC Liverpool Al-Hilal 53 000 000 € Darwin Nunez
63%
57 24/25 Aston Villa Juventus Turin 51 500 000 € Douglaz Luiz
63%
28 25/26 Brighton Chelsea FC 63 700 000 € Joao Pedro
63%
33 23/24 Wolverhampton Manchester City 62 000 000 € Matheus Nunes
63%
82 16/17 FC Southampton FC Liverpool 41 200 000 € Sadio Mane
63%
35 24/25 Wolverhampton Chelsea FC 60 000 000 € Pedro Neto
61%
56 22/23 Manchester City FC Arsenal 52 200 000 € Gabriel Jesus
60%
54 17/18 Tottenham Hotspur Manchester City 52 700 000 € Kyle Walker
57%
67 23/24 FC Liverpool Ittihad Club 46 700 000 € Fabinho
56%
47 16/17 FC Everton Manchester City 55 600 000 € John Stones
56%
66 25/26 AFC Bournemouth FC Liverpool 46 900 000 € Milos Kerkez
56%
40 21/22 Brighton Arsenal FC 58 500 000 € Ben White
55%
44 25/26 Brentford Newcastle United 57 700 000 € Yoane Wissa
54%
49 23/24 Wolverhampton Al Hilal 55 000 000 € Ruben Neves
53%
93 04/05 FC Everton Manchester United 37 000 000 € Wayne Rooney
53%
65 23/24 Manchester City Chelsea FC 47 000 000 € Cole Palmer
52%
63 20/21 Manchester City Bayern Munich 49 000 000 € Leroy Sané
52%
39 24/25 FC Everton Aston Villa 59 350 000 € Amadou Onana
51%
91 03/04 Manchester United Real Madrid 37 500 000 € David Beckham
51%
36 17/18 Chelsea FC Atlético Madrid 60 000 000 € Diego Costa
51%
69 25/26 Manchester United Chelsea FC 46 200 000 € Alejandro Garnacho
50%
58 24/25 FC Fulham Bayern Munich 51 000 000 € Joao Palhinha
49%
74 20/21 Wolverhampton FC Liverpool 44 700 000 € Diogo Jota
48%
62 22/23 Leeds United Manchester City 49 000 000 € Kalvin Phillips
48%
42 22/23 FC Everton Tottenham Hotspur 58 000 000 € Richarlison
48%
85 18/19 FC Watford FC Everton 39 200 000 € Richarlison
48%
97 25/26 Ipswich Town Chelsea FC 35 500 000 € Liam Delap
47%
51 19/20 Crystal Palace Manchester United 55 000 000 € Aaron Wan-Bissaka
46%
95 25/26 Wolverhampton Manchester City 36 800 000 € Rayan Ait-Nouri
44%
55 23/24 FC Fulham Al-Hilal 52 600 000 € Aleksandar Mitrovic
43%
59 20/21 Leicester City Chelsea FC 50 200 000 € Ben Chilwell
43%
80 23/24 Brighton FC Liverpool 42 000 000 € Alexis Mac Allister
42%
79 24/25 Chelsea FC Atlético Madrid 42 000 000 € Conor Gallagher
42%
48 23/24 Nottingham Forest Tottenham Hotspur 55 000 000 € Brennan Johnson
40%
89 17/18 Leicester City Chelsea FC 37 900 000 € Danny Drinkwater
40%
94 25/26 Chelsea FC AC Milan 37 000 000 € Christopher Nkunku
39%
61 17/18 Swansea City FC Everton 49 400 000 € Gylfi Sigurdsson
38%
78 24/25 Brentford Al-Alhi 42 000 000 € Ivan Toney
38%
70 02/03 Leeds United Manchester United 46 000 000 € Rio Ferdinand
38%
71 22/23 FC Everton Newcastle United 45 600 000 € Anthony Gordon
35%
73 13/14 Chelsea FC Manchester United 44 730 000 € Juan Mata
35%
92 19/20 Manchester City Juventus Turin 37 000 000 € Danilo
34%
84 21/22 Chelsea FC AS Roma 40 000 000 € Tammy Abraham
34%
100 21/22 Chelsea FC AC Milan 35 300 000 € Fikayo Tomori
32%
87 17/18 Arsenal FC FC Liverpool 38 000 000 € Alex Oxlade-Chamberlain
31%
83 10/11 Newcastle United FC Liverpool 41 000 000 € Andy Carroll
29%
68 15/16 Aston Villa FC Liverpool 46 500 000 € Christian Benteke
29%
75 17/18 Chelsea FC Manchester United 44 700 000 € Nemanja Matic
28%
72 25/26 Aston Villa Newcastle United 45 150 000 € Jacob Ramsey
27%
86 21/22 Norwich City Aston Villa 38 400 000 € Emiliano Buendia
26%
98 24/25 Leicester City Chelsea FC 35 400 000 € Kiernan Dewsbury-Hall
26%
90 14/15 FC Southampton Manchester United 37 500 000 € Luke Shaw
26%
88 08/09 Tottenham Hotspur Manchester United 38 000 000 € Dimitar Berbatov
24%
77 25/26 AFC Bournemouth Brentford 42 800 000 € Dango Ouattara
21%
64 24/25 Wolverhampton West Ham United 47 500 000 € Maximilian Kilman
17%
76 24/25 Chelsea FC Aston Villa 44 500 000 € Ian Maatsen
16%
81 24/25 Newcastle United Nottingham Forest 41 200 000 € Elliot Anderson
15%
Aucun quiz correspondant
Distribution des résultats
% des personnes avec chaque résultat
Percentile par nombre de réponses
Votre historique - résultats
Vous n’avez pas pris ce quiz depuis la dernière actualisation